|
|
|
|
| LEADER |
00000cam a2200000 a 4500 |
| 001 |
vtls001175888 |
| 003 |
SK-MaSNL |
| 005 |
20260301180833.0 |
| 008 |
250313s1983 it g 100 p slo |
| 015 |
|
|
|a ZS1992/0000430
|
| 035 |
|
|
|a SNK000118884
|
| 035 |
|
|
|a urn:nbn:sk:snk-amjbpv
|
| 035 |
|
|
|a urn:nbn:sk:snk-am003f2a
|
| 035 |
|
|
|a 560BF448-B8D1-45B3-A466-DD3FF915D12F
|
| 040 |
|
|
|a SNK
|b slo
|c SNK
|e AACR2
|
| 041 |
0 |
|
|a slo
|
| 044 |
|
|
|a it
|c IT
|
| 080 |
|
|
|a 885.4-1
|2 1981
|
| 100 |
1 |
|
|a Šprinc, Mikuláš,
|d 1914-1986
|4 aut
|9 14890
|
| 245 |
1 |
0 |
|a Jazero Orióna
|b verše
|c Mikuláš Šprinc
|
| 250 |
|
|
|a 1. vyd.
|
| 260 |
|
|
|a Rím
|b Slovenský ústav sv. Cyrila a Metoda
|c 1983
|
| 300 |
|
|
|a 36 s.
|c 18 cm
|
| 366 |
|
|
|e 300 výt.
|
| 490 |
1 |
|
|a Lýra
|v zv. 38
|
| 500 |
|
|
|a Údaj. o nákl. zist. mimo dok.
|
| 655 |
|
7 |
|a slovenská poézia
|2 SNKPH
|9 70444
|
| 830 |
|
0 |
|a Lýra
|9 282660
|
| 852 |
|
|
|a Slovenská národná knižnica
|
| 954 |
|
|
|a beletria pôvodná (slovenská)
|2 lita
|
| 958 |
|
|
|a LX
|
| 958 |
|
|
|a TL
|
| 958 |
|
|
|a ZS
|
| 958 |
|
|
|a OND
|
| 999 |
|
|
|c 847811
|d 849741
|
| 952 |
|
|
|t P60, <04>, [BOOK], {604}
|a SNK
|b SNK
|y VYP
|7 0
|p 17A0015671
|o snkSD 64614 D1
|i snkV 3004/92
|0 0
|1 0
|4 0
|d 1997-06-24
|f 1
|l 0
|r 2005-01-01 00:00:00
|w 2026-02-24
|
| 952 |
|
|
|t P60, <04>, [BOOK], {604}
|a SNK
|b SNK
|y VYP
|7 0
|p 17A0076406
|o snkSD 64614 D2
|i snkV 1629/97
|0 0
|1 0
|4 0
|d 1997-06-27
|l 0
|r 2005-01-01 00:00:00
|w 2026-02-24
|
| 952 |
|
|
|t P60, <03>, [BOOK], {603}
|a SNK
|b SNK
|y PREZ
|7 0
|o snkSD 64614
|i snkV 1661/92
|0 0
|1 0
|4 0
|d 1997-06-27
|l 0
|r 2005-01-01 00:00:00
|w 2026-02-24
|
| 952 |
|
|
|a SNK
|b SNK
|y PREZ
|7 0
|p 17A1045124
|o snkSD 64614
|0 0
|1 0
|4 0
|d 2013-08-21
|l 0
|r 2026-02-24 04:32:17
|w 2026-02-24
|